000 004640000a22001810004500
003 MACL
005 20160129160755.0
008 160129b xxu||||| |||| 00| 0 eng d
040 _aMACL
_cMACL
041 _aEnglish
082 _a820/BHA
100 _aBhatnagar,Manmohan K.
_935616
245 _aTwentieth Century Literature in English
260 _aNew Delhi
_bAtlantic pub.
_c2000
350 _a375
650 _aLiterature
_935617
942 _cBK
_k820/BHA
_2ddc
999 _c47402
_d47402